[Event "Gausdal Troll Masters"]
[Site "Gausdal, Norway"]
[Date "2003.01.08"]
[Round "2"]
[White "Miezis, Normunds"]
[Black "Simonsen, Olavur"]
[Result "1-0"]
[WhiteElo "2523"]
[BlackElo "2265"]
[PlyCount "41"]
[EventDate "2003.01.??"]
[Source "EeEk"]
[SourceDate "2003.01.08"]

1. c4 Nc6 2. Nc3 e5 3. g3 f5 4. Bg2 Nf6 5. d3 Bc5 6. e3 f4 7. exf4 O-O 8. Nge2
d6 9. O-O Qe8 10. Ne4 Nxe4 11. dxe4 Qh5 12. Kh1 Rf6 13. f5 g6 14. fxg6 Bxf2 15.
Qd5+ Kh8 16. Nf4 Qh6 17. Nd3 Qf8 18. Bg5 Rf3 19. Rxf2 Rxf2 20. Nxf2 Qxf2 21.
Rf1 1-0

[Event "Gausdal Troll Masters"]
[Site "Gausdal, Norway"]
[Date "2003.01.08"]
[Round "2"]
[White "Tallaksen, Geir Sune"]
[Black "Kallio, Heikki"]
[Result "1/2-1/2"]
[WhiteElo "2258"]
[BlackElo "2474"]
[PlyCount "151"]
[EventDate "2003.01.??"]
[Source "EeEk"]
[SourceDate "2003.01.08"]

1. d4 Nf6 2. c4 e6 3. Nf3 c5 4. d5 d6 5. Nc3 exd5 6. cxd5 g6 7. h3 Bg7 8. e4
O-O 9. Bd3 a6 10. a4 Nbd7 11. O-O Qc7 12. Re1 Re8 13. Bf4 Rb8 14. Bf1 Nh5 15.
Bh2 Bf6 16. g4 Ng7 17. Nd2 g5 18. Nc4 Ne5 19. f4 Nxc4 20. Bxc4 Bd4+ 21. Kh1
gxf4 22. Bxf4 Bd7 23. Qd3 Be5 24. Rf1 Qd8 25. Bxe5 Rxe5 26. Rf4 Qg5 27. Raf1
Be8 28. Rf6 Rd8 29. Qf3 h6 30. a5 h5 31. Nd1 hxg4 32. hxg4 Nh5 33. Rf5 Rxf5 34.
exf5 Nf6 35. Nf2 Bb5 36. Bxb5 axb5 37. Nh3 Qh4 38. g5 Nxd5 39. g6 Nf4 40. Qxf4
Qxh3+ 41. Kg1 Re8 42. Qg5 Qe3+ 43. Qxe3 Rxe3 44. Rd1 fxg6 45. Rxd6 gxf5 46. Rd5
Re1+ 47. Kf2 Rb1 48. Rxc5 Rxb2+ 49. Ke3 Kf7 50. Rxf5+ Ke6 51. Rh5 Kd6 52. Kd4
Rd2+ 53. Kc3 Rd5 54. Rh6+ Kc5 55. a6 b4+ 56. Kc2 bxa6 57. Rxa6 Kc4 58. Rc6+ Kb5
59. Rh6 Rg5 60. Rh3 Ka4 61. Kb2 Rg4 62. Rf3 Rg2+ 63. Kb1 Kb5 64. Rh3 Rg4 65.
Kb2 Kc4 66. Rf3 Rg2+ 67. Kb1 Rd2 68. Rh3 Rd3 69. Rxd3 Kxd3 70. Kb2 Kc4 71. Kc2
b3+ 72. Kb2 Kb4 73. Kb1 Kc3 74. Kc1 Kd4 75. Kb2 Kd3 76. Kxb3 1/2-1/2

[Event "Gausdal Troll Masters"]
[Site "Gausdal, Norway"]
[Date "2003.01.08"]
[Round "2"]
[White "Bluvshtein, Mark"]
[Black "Johansen, Paul"]
[Result "1/2-1/2"]
[WhiteElo "2461"]
[BlackElo "2239"]
[PlyCount "74"]
[EventDate "2003.01.??"]
[Source "EeEk"]
[SourceDate "2003.01.08"]

1. e4 e5 2. Nf3 Nc6 3. Bb5 a6 4. Ba4 Nf6 5. O-O Be7 6. Re1 b5 7. Bb3 O-O 8. a4
Bb7 9. d3 d6 10. c3 h6 11. Nbd2 Na5 12. Bc2 c5 13. Nf1 Qc7 14. Ng3 Rfe8 15. Nf5
Bf8 16. N3h4 c4 17. axb5 axb5 18. Qf3 Nh7 19. Ne3 cxd3 20. Bxd3 Nb3 21. Rxa8
Rxa8 22. Nd5 Bxd5 23. exd5 Ra1 24. Bd2 Nxd2 25. Bxh7+ Kxh7 26. Qd3+ e4 27. Qxd2
Rxe1+ 28. Qxe1 Qc4 29. Qd1 g6 30. g3 Qa2 31. Qd2 Qb1+ 32. Kg2 Be7 33. Qe2 Bxh4
34. gxh4 Kg7 35. Qxb5 Qd1 36. Qc4 Qg4+ 37. Kf1 Qd1+ 1/2-1/2

[Event "Gausdal Troll Masters"]
[Site "Gausdal, Norway"]
[Date "2003.01.08"]
[Round "2"]
[White "Hanley, Craig"]
[Black "Nolsøe, Eydun"]
[Result "1-0"]
[WhiteElo "2359"]
[BlackElo "2236"]
[PlyCount "157"]
[EventDate "2003.01.??"]
[Source "EeEk"]
[SourceDate "2003.01.08"]

1. e4 e5 2. Nf3 Nc6 3. Bb5 a6 4. Ba4 Nf6 5. O-O Be7 6. Re1 b5 7. Bb3 d6 8. c3
O-O 9. d4 Bg4 10. d5 Nb8 11. h3 Bh5 12. Nbd2 c5 13. dxc6 Nxc6 14. Nf1 Qc7 15.
Ne3 Bg6 16. Nd5 Nxd5 17. Bxd5 Rab8 18. Qe2 a5 19. Be3 a4 20. b3 Rfc8 21. Rec1
Qa5 22. Nd2 h6 23. Qg4 Kf8 24. b4 Qd8 25. a3 Bg5 26. Nf1 Bxe3 27. Nxe3 Ne7 28.
c4 Nxd5 29. cxd5 h5 30. Qf3 Rxc1+ 31. Rxc1 Rc8 32. Rxc8 Qxc8 33. Qe2 Qd7 34.
Qc2 f6 35. f3 Be8 36. g4 Qa7 37. Qc3 hxg4 38. hxg4 Bd7 39. Kg2 Qb7 40. Nf5 Qb8
41. Qc1 Kf7 42. Qh1 Bxf5 43. gxf5 Qc8 44. Qf1 Qb8 45. Qc1 Kg8 46. Qc6 Kh7 47.
Qa6 Kh6 48. Kg3 Kh7 49. Kg4 Kh6 50. f4 Kh7 51. fxe5 fxe5 52. f6 Qd8 53. Qxb5
Qxf6 54. Qe2 Qf4+ 55. Kh3 Qc1 56. Qf3 Qb1 57. Kg4 Qb3 58. Qh1+ Kg8 59. Qc1 Kh7
60. Qg5 Qxa3 61. Qf5+ g6 62. Qf7+ Kh6 63. Qf6 Kh7 64. Qf7+ Kh6 65. Qg8 g5 66.
Qxg5+ Kh7 67. Qe7+ Kh8 68. Qxd6 Qa1 69. Qf6+ Kh7 70. d6 a3 71. Qf7+ Kh6 72. d7
Qg1+ 73. Kf5 Qg5+ 74. Ke6 a2 75. Qf8+ Kh5 76. d8=Q Qxd8 77. Qxd8 a1=Q 78. b5
Qa2+ 79. Qd5 1-0

[Event "Gausdal Troll Masters"]
[Site "Gausdal, Norway"]
[Date "2003.01.08"]
[Round "2"]
[White "Harestad, Hans Krogh"]
[Black "Leer-Salvesen, Bjarte"]
[Result "1/2-1/2"]
[WhiteElo "2236"]
[BlackElo "2329"]
[PlyCount "92"]
[EventDate "2003.01.??"]
[Source "EeEk"]
[SourceDate "2003.01.08"]

1. d4 e6 2. c4 d5 3. Nc3 c6 4. Nf3 dxc4 5. a4 Bb4 6. g3 Nf6 7. Bg2 b5 8. Ne5
Nd5 9. Bd2 Bxc3 10. bxc3 Bb7 11. Qb1 Qb6 12. O-O O-O 13. Ra2 Ba6 14. Be4 f5 15.
Bf3 bxa4 16. Rb2 Qc7 17. Qa2 Nb6 18. Bf4 Qc8 19. e4 N8d7 20. exf5 Nxe5 21. dxe5
exf5 22. Rd2 Rd8 23. Rxd8+ Qxd8 24. Bxc6 Rc8 25. Bg2 Qe7 26. Rd1 Bb7 27. Bxb7
Qxb7 28. Qc2 Rf8 29. e6 Qe4 30. Qxe4 fxe4 31. e7 Re8 32. Bd6 Nc8 33. Ba3 Nxe7
34. Rd4 Nf5 35. Rxc4 e3 36. fxe3 Rxe3 37. Kf2 Rd3 38. Ke2 Re3+ 39. Kd2 Rf3 40.
g4 Nh4 41. Rxa4 Rh3 42. Bd6 Nf3+ 43. Ke2 Nxh2 44. Rxa7 Nxg4 45. c4 Nf6 46. Be5
Rh5 1/2-1/2

[Event "Gausdal Troll Masters"]
[Site "Gausdal, Norway"]
[Date "2003.01.08"]
[Round "2"]
[White "Gambäck, Björn"]
[Black "Molander, Riku"]
[Result "1/2-1/2"]
[WhiteElo "2213"]
[BlackElo "2291"]
[PlyCount "35"]
[EventDate "2003.01.??"]
[Source "EeEk"]
[SourceDate "2003.01.08"]

1. e4 c5 2. Nf3 d6 3. d4 cxd4 4. Nxd4 Nf6 5. Nc3 g6 6. Be3 Bg7 7. f3 O-O 8. Qd2
Nc6 9. O-O-O Nxd4 10. Bxd4 Be6 11. Kb1 Qc7 12. h4 Rfc8 13. h5 Qa5 14. hxg6 hxg6
15. a3 Rab8 16. Be3 Ng4 17. Bd4 Nf6 18. Be3 1/2-1/2

[Event "Gausdal Troll Masters"]
[Site "Gausdal, Norway"]
[Date "2003.01.08"]
[Round "2"]
[White "Rozentalis, Eduardas"]
[Black "Ask, Josef"]
[Result "1-0"]
[WhiteElo "2585"]
[BlackElo "2128"]
[PlyCount "35"]
[EventDate "2003.01.??"]
[Source "EeEk"]
[SourceDate "2003.01.08"]

1. e4 e5 2. Nf3 Nc6 3. Bb5 Nf6 4. O-O Bc5 5. d3 d6 6. c3 O-O 7. Bg5 h6 8. Bh4
Bb6 9. Nbd2 Bd7 10. Ba4 a6 11. Nc4 Ba7 12. Ne3 Ne7 13. Bxf6 gxf6 14. Bxd7 Qxd7
15. Nh4 Bxe3 16. fxe3 Kg7 17. Qh5 Rg8 18. Rf3 1-0

[Event "Gausdal Troll Masters"]
[Site "Gausdal, Norway"]
[Date "2003.01.08"]
[Round "2"]
[White "Bjørgvik, Jan Arne"]
[Black "Ovsejevitsch, Sergei"]
[Result "0-1"]
[WhiteElo "1609"]
[BlackElo "2517"]
[PlyCount "80"]
[EventDate "2003.01.??"]
[Source "EeEk"]
[SourceDate "2003.01.08"]

1. e4 c5 2. Nf3 d6 3. d4 cxd4 4. Nxd4 Nf6 5. Nc3 Nc6 6. Be2 e6 7. Nxc6 bxc6 8.
e5 dxe5 9. Qxd8+ Kxd8 10. Bg5 Kc7 11. O-O Nd5 12. Bd2 Rb8 13. Rab1 Bb4 14. Bc4
Rd8 15. Bxd5 exd5 16. a3 Bf8 17. Rfe1 f6 18. Ne2 Kb7 19. b4 Bf5 20. Rb2 c5 21.
bxc5+ Kc6 22. Reb1 Rxb2 23. Rxb2 Bxc5 24. a4 Rd7 25. Nc1 Rb7 26. Nb3 Kc7 27.
Kf1 Ba3 28. Ra2 Bb4 29. Ke2 Bxd2 30. Kxd2 Rb4 31. h3 Kd6 32. a5 d4 33. Nc1 Be6
34. Ra3 e4 35. Ne2 f5 36. a6 Bd7 37. c3 Rb2+ 38. Kd1 d3 39. Nd4 Rxf2 40. Ra5 e3
0-1

[Event "Gausdal Troll Masters"]
[Site "Gausdal, Norway"]
[Date "2003.01.08"]
[Round "2"]
[White "Westerinen, Heikki"]
[Black "Bryn, Askild"]
[Result "1-0"]
[WhiteElo "2374"]
[BlackElo "1616"]
[PlyCount "49"]
[EventDate "2003.01.??"]
[Source "EeEk"]
[SourceDate "2003.01.08"]

1. e4 c5 2. Nf3 Nc6 3. Bb5 d6 4. O-O Bg4 5. c3 e5 6. d4 cxd4 7. cxd4 exd4 8.
Qa4 Bd7 9. Nxd4 Qa5 10. Bxc6 Qxa4 11. Bxa4 Bxa4 12. Nc3 Bd7 13. Ndb5 Bxb5 14.
Nxb5 Kd7 15. Bf4 Nf6 16. f3 Ne8 17. Rfd1 f6 18. Rd2 Kc6 19. Nxd6 Nxd6 20. Rc1+
Nc4 21. Rxc4+ Kb5 22. Rc7 Bc5+ 23. Kf1 g5 24. Rd5 Rac8 25. Rdxc5+ 1-0

[Event "Gausdal Troll Masters"]
[Site "Gausdal, Norway"]
[Date "2003.01.08"]
[Round "2"]
[White "Astengo, Corrado"]
[Black "Agopov, Mikael"]
[Result "0-1"]
[WhiteElo "2172"]
[BlackElo "2376"]
[PlyCount "82"]
[EventDate "2003.01.??"]
[Source "EeEk"]
[SourceDate "2003.01.08"]

1. e4 c5 2. Nf3 d6 3. d4 cxd4 4. Nxd4 Nf6 5. Nc3 a6 6. Bg5 e6 7. f4 Be7 8. Qf3
Qc7 9. O-O-O Nbd7 10. g4 b5 11. Bxf6 Nxf6 12. g5 Nd7 13. f5 Nc5 14. fxe6 fxe6
15. h4 b4 16. Nce2 g6 17. Bh3 e5 18. Nb3 Rf8 19. Qe3 Bxh3 20. Rxh3 Ne6 21. Kb1
a5 22. Qd3 a4 23. Qb5+ Qd7 24. Qxd7+ Kxd7 25. Nd2 Rf2 26. Re3 Raf8 27. Nc1 Nd4
28. Nd3 Rh2 29. c3 bxc3 30. bxc3 Rb8+ 31. Kc1 Rc8 32. Kb1 Rb8+ 33. Kc1 Ne2+ 34.
Kc2 Ke6 35. Re1 Nf4 36. Nxf4+ exf4 37. R3e2 Rxh4 38. Nf3 Rh3 39. Nd4+ Kd7 40.
e5 a3 41. Nb3 Rc8 0-1

[Event "Gausdal Troll Masters"]
[Site "Gausdal, Norway"]
[Date "2003.01.08"]
[Round "2"]
[White "Berning, Boris"]
[Black "Shumiakina, Tatiana"]
[Result "0-1"]
[WhiteElo "2240"]
[BlackElo "2364"]
[PlyCount "134"]
[EventDate "2003.01.??"]
[Source "EeEk"]
[SourceDate "2003.01.08"]

1. e4 c5 2. Nc3 Nc6 3. g3 g6 4. Bg2 Bg7 5. d3 d6 6. Be3 Nf6 7. h3 e5 8. f4 O-O
9. fxe5 Nxe5 10. Qd2 Be6 11. Nge2 b5 12. Nf4 b4 13. Nce2 Bd7 14. O-O h6 15. b3
g5 16. Nd5 Nxd5 17. exd5 Ng6 18. Rae1 Rc8 19. h4 gxh4 20. Bxh6 hxg3 21. Bg5 f6
22. Bf4 Bg4 23. Bxg3 f5 24. Bf3 Ne5 25. Bg2 Qf6 26. Nf4 Qg5 27. Qc1 Bh6 28. Kf2
Qf6 29. Rh1 Nf7 30. Re6 Qd4+ 31. Qe3 Bg7 32. Ng6 Qxe3+ 33. Kxe3 Bd4+ 34. Kd2
Rfe8 35. Ne7+ Kg7 36. Nxc8 Rxc8 37. Bf4 a5 38. Bh3 Rh8 39. Bxg4 Rxh1 40. Bxf5
Rf1 41. Rg6+ Kf8 42. Rg4 Ne5 43. Bxe5 Bxe5 44. Be6 Ra1 45. Bd7 Rxa2 46. Rg2 Ke7
47. Bc6 Bd4 48. Ke1 Kf6 49. Kf1 Kf5 50. Re2 Kf4 51. Kg2 Be3 52. Bd7 Ra1 53. Be8
Rg1+ 54. Kh2 Rg8 55. Bf7 Rg5 56. Rg2 Rf5 57. Be6 Rh5+ 58. Bh3 Bd4 59. Rg4+ Kf3
60. Rg3+ Kf2 61. Rg2+ Ke3 62. Rg3+ Kd2 63. Rg2+ Kc3 64. Re2 Rxd5 65. Kg3 Re5
66. Rg2 Re3+ 67. Kh4 Re1 0-1

[Event "Gausdal Troll Masters"]
[Site "Gausdal, Norway"]
[Date "2003.01.08"]
[Round "2"]
[White "Charleshouse, Glenn"]
[Black "Sander, Rolf"]
[Result "1-0"]
[WhiteElo "2284"]
[BlackElo "2048"]
[PlyCount "63"]
[EventDate "2003.01.??"]
[Source "EeEk"]
[SourceDate "2003.01.08"]

1. e4 d5 2. exd5 Qxd5 3. Nc3 Qa5 4. d4 c6 5. Nf3 Nf6 6. Bc4 Bf5 7. Ne5 e6 8.
Bd2 Bb4 9. Qe2 Nbd7 10. Nxd7 Nxd7 11. a3 O-O-O 12. O-O Bxc3 13. Bxc3 Qc7 14.
Rfd1 Nf6 15. Bb3 Qf4 16. f3 Nd5 17. Be1 Rd7 18. Bf2 Qg5 19. Bg3 Rhd8 20. Kf2
Bg6 21. c4 Nf6 22. Qe3 Qf5 23. Kg1 h6 24. d5 exd5 25. Qxa7 Rd6 26. cxd5 Nxd5
27. Bxd6 Rxd6 28. Qc5 Rd8 29. Rxd5 Rxd5 30. Bxd5 Qxd5 31. Qxd5 cxd5 32. Rd1 1-0

[Event "Gausdal Troll Masters"]
[Site "Gausdal, Norway"]
[Date "2003.01.08"]
[Round "2"]
[White "Bryn, Steinar"]
[Black "Bisby, Daniel"]
[Result "0-1"]
[WhiteElo "1561"]
[BlackElo "2283"]
[PlyCount "57"]
[EventDate "2003.01.??"]
[Source "EeEk"]
[SourceDate "2003.01.08"]

1. e4 c5 2. Nf3 d6 3. d4 cxd4 4. Nxd4 Nf6 5. Nc3 g6 6. Bd3 Bg7 7. O-O O-O 8. h3
Nc6 9. Nde2 d5 10. Ng3 dxe4 11. Ngxe4 Nd5 12. Ne2 Ndb4 13. a3 Nxd3 14. cxd3 b6
15. f4 Ba6 16. Rf3 Nd4 17. Nxd4 Qxd4+ 18. Kh1 Rfd8 19. Nf2 e6 20. Rb1 Bb7 21.
Re3 Qxf4 22. Ng4 h5 23. Nh2 Be5 24. Nf3 Bxf3 25. Rxe5 Bxg2+ 26. Kxg2 Qxe5 27.
Bh6 Qd5+ 28. Kh2 Qxd3 29. Qxh5 0-1

[Event "Gausdal Troll Masters"]
[Site "Gausdal, Norway"]
[Date "2003.01.08"]
[Round "2"]
[White "Pedersen, Øyvind"]
[Black "Poulsen, Martin"]
[Result "0-1"]
[WhiteElo "2054"]
[BlackElo "2244"]
[PlyCount "68"]
[EventDate "2003.01.??"]
[Source "EeEk"]
[SourceDate "2003.01.08"]

1. e4 c5 2. c3 e6 3. d4 d5 4. e5 Nc6 5. Nf3 Qb6 6. Bd3 Bd7 7. O-O Rc8 8. dxc5
Bxc5 9. Nbd2 Qc7 10. Qe2 Nge7 11. Nb3 Bb6 12. Nbd4 Bxd4 13. cxd4 Qb6 14. Rd1
Nxd4 15. Nxd4 Qxd4 16. Kh1 Qb6 17. f4 a6 18. Be3 Qb4 19. Qf2 Bb5 20. Bb1 O-O
21. f5 Qg4 22. Bc2 Rxc2 23. Qxc2 Nxf5 24. Bf2 d4 25. Rg1 Bc6 26. Rae1 h5 27.
Qe2 Qg5 28. Rd1 Rd8 29. Qd2 Qg4 30. Rde1 d3 31. Be3 h4 32. Ref1 h3 33. Rf2
hxg2+ 34. Rfxg2 Ng3+ 0-1

[Event "Gausdal Troll Masters"]
[Site "Gausdal, Norway"]
[Date "2003.01.08"]
[Round "2"]
[White "Valenti, Giuseppe"]
[Black "Glenne, Bjørn Erik"]
[Result "1-0"]
[WhiteElo "2230"]
[BlackElo "2203"]
[PlyCount "63"]
[EventDate "2003.01.??"]
[Source "EeEk"]
[SourceDate "2003.01.08"]

1. e4 c6 2. d4 d5 3. Nd2 dxe4 4. Nxe4 Bf5 5. Ng3 Bg6 6. N1e2 Nf6 7. h4 h6 8.
Nf4 Bh7 9. Bc4 Nd5 10. Qf3 e6 11. c3 Nd7 12. Bd2 N7f6 13. O-O-O Qa5 14. Bb3
Nxf4 15. Bxf4 O-O-O 16. Be5 Be7 17. Nh5 Be4 18. Qf4 Ba3 19. Rh3 Bxg2 20. Rg3
Bd6 21. Nxf6 Bxe5 22. Qxe5 Qxe5 23. dxe5 gxf6 24. Rxg2 fxe5 25. Rg7 Rdf8 26.
Rd3 Rhg8 27. Rxf7 Rxf7 28. Bxe6+ Kc7 29. Bxf7 Rf8 30. Rf3 e4 31. Rf5 Kd6 32. h5
1-0

[Event "Gausdal Troll Masters"]
[Site "Gausdal, Norway"]
[Date "2003.01.08"]
[Round "2"]
[White "Knudsen, Ragnar"]
[Black "Unander, Matts"]
[Result "1/2-1/2"]
[WhiteElo "1817"]
[BlackElo "2214"]
[PlyCount "104"]
[EventDate "2003.01.??"]
[Source "EeEk"]
[SourceDate "2003.01.08"]

1. Nf3 c5 2. e4 e6 3. d3 d5 4. Nbd2 Nc6 5. g3 Nf6 6. Bg2 Be7 7. O-O b6 8. Re1
Qc7 9. a3 Bb7 10. Qe2 a5 11. e5 Nd7 12. h4 a4 13. Nf1 Nd4 14. Nxd4 cxd4 15. Bf4
b5 16. Nh2 O-O 17. Nf3 Qb6 18. Bg5 Bc5 19. h5 b4 20. axb4 Bxb4 21. Reb1 Rfc8
22. Bf4 Rc7 23. g4 Qc5 24. Ne1 Bc6 25. g5 Nf8 26. Bd2 Bxd2 27. Qxd2 Rb8 28. f4
Rcb7 29. Ra2 Rb4 30. Bf3 R8b5 31. Bd1 Qb6 32. Qc1 f6 33. gxf6 gxf6 34. Nf3 f5
35. Ng5 h6 36. Nh3 Qd8 37. Qd2 Qh4 38. Kh2 Rb7 39. Qf2 Qxf2+ 40. Nxf2 Nd7 41.
Be2 Nc5 42. Rg1+ Kh7 43. Nd1 Be8 44. Kg3 Rc7 45. Nf2 Na6 46. b3 Nc5 47. bxa4
Nxa4 48. Nd1 Rb8 49. Bf3 Nb6 50. Nf2 Na4 51. Rga1 Rb4 52. Nd1 Bd7 1/2-1/2

[Event "Gausdal Troll Masters"]
[Site "Gausdal, Norway"]
[Date "2003.01.08"]
[Round "2"]
[White "Nygren, Kim"]
[Black "Bue, Gunnar"]
[Result "1-0"]
[WhiteElo "2202"]
[BlackElo "1991"]
[PlyCount "45"]
[EventDate "2003.01.??"]
[Source "EeEk"]
[SourceDate "2003.01.08"]

1. e4 c5 2. Nf3 e6 3. d4 cxd4 4. Nxd4 a6 5. Nc3 Nc6 6. Nxc6 bxc6 7. Bd3 g6 8.
O-O Bg7 9. f4 Ne7 10. f5 Bd4+ 11. Kh1 d5 12. f6 Ng8 13. Bb5 axb5 14. Qxd4 Ba6
15. Rf2 Rc8 16. exd5 cxd5 17. Bf4 Rc4 18. Qa7 Rc6 19. Re1 Kf8 20. Bg5 Qb6 21.
Bh6+ Ke8 22. Qxb6 Rxb6 23. Bg7 1-0

[Event "Gausdal Troll Masters"]
[Site "Gausdal, Norway"]
[Date "2003.01.08"]
[Round "2"]
[White "Svensen, Tarjei Joten"]
[Black "Ohlzon, Nils-Johan"]
[Result "0-1"]
[WhiteElo "2074"]
[BlackElo "2176"]
[PlyCount "80"]
[EventDate "2003.01.??"]
[Source "EeEk"]
[SourceDate "2003.01.08"]

1. d4 Nf6 2. Bg5 c5 3. Bxf6 gxf6 4. d5 Qb6 5. Qc1 Bh6 6. e3 f5 7. c4 f4 8. exf4
Bxf4 9. Qxf4 Qxb2 10. Ne2 Qxa1 11. Nec3 d6 12. Bd3 Rg8 13. Kd1 Rg4 14. Qe3 Rd4
15. Kc1 Nd7 16. f4 Nb6 17. Re1 e6 18. dxe6 Bxe6 19. f5 O-O-O 20. fxe6 fxe6 21.
Qxe6+ Kb8 22. Qe7 Rc8 23. Be4 Rc7 24. Qe8+ Rc8 25. Qe7 Rc7 26. Qf8+ Rc8 27. Qg7
Rc7 28. Qg8+ Rc8 29. Qxh7 Rc7 30. Qg8+ Rc8 31. Qf7 Rc7 32. Qe8+ Rc8 33. Qf7 Rc7
34. Qf3 Rxc4 35. Qf8+ Nc8 36. Qf3 b5 37. Bd5 Rb4 38. a3 Qb2+ 39. Kd1 Rd4+ 40.
Nd2 Rxd2# 0-1

[Event "Gausdal Troll Masters"]
[Site "Gausdal, Norway"]
[Date "2003.01.08"]
[Round "2"]
[White "Johansson, Per"]
[Black "Fossum, Øystein Bøyum"]
[Result "1-0"]
[WhiteElo "2016"]
[BlackElo "2167"]
[PlyCount "107"]
[EventDate "2003.01.??"]
[Source "EeEk"]
[SourceDate "2003.01.08"]

1. d4 f5 2. Nf3 Nf6 3. c4 g6 4. g3 Bg7 5. Bg2 O-O 6. O-O d6 7. Nc3 Nc6 8. d5
Ne5 9. Nxe5 dxe5 10. Qb3 Kh8 11. Rd1 h6 12. c5 g5 13. Bd2 Qe8 14. Nb5 Qh5 15.
Nxc7 f4 16. Ne6 Bxe6 17. dxe6 Ng4 18. h3 fxg3 19. Qxg3 Nf6 20. Bf3 Qg6 21. Qxe5
g4 22. Qg3 h5 23. Bc3 Kg8 24. hxg4 hxg4 25. Rd3 Qh5 26. Bxb7 Rab8 27. Bg2 Qxc5
28. Qe5 Qxe5 29. Bxe5 Rb6 30. Rg3 Rxe6 31. Bxf6 Rexf6 32. Rxg4 Rd6 33. Re4 Bf6
34. Bh3 Rd2 35. Be6+ Kh7 36. Kg2 Rxb2 37. Rg4 Bg7 38. Rh1+ Bh6 39. Re4 Rb5 40.
Bg4 Rf7 41. Re6 Rf6 42. Rxe7+ Kg8 43. Rd1 Rg5 44. f3 a6 45. e4 Bf8 46. Rd8 Rc5
47. Ree8 Kg7 48. e5 Rf4 49. Kg3 Rcc4 50. e6 Bb4 51. e7 Be1+ 52. Kh3 Rf6 53.
Rg8+ Kh7 54. Rh8+ 1-0

[Event "Gausdal Troll Masters"]
[Site "Gausdal, Norway"]
[Date "2003.01.08"]
[Round "2"]
[White "Andersen, Alf R"]
[Black "Saulnier, Jean"]
[Result "1-0"]
[WhiteElo "2142"]
[BlackElo "1881"]
[PlyCount "59"]
[EventDate "2003.01.??"]
[Source "EeEk"]
[SourceDate "2003.01.08"]

1. e4 d5 2. Nc3 c6 3. d4 dxe4 4. Nxe4 Nf6 5. Nxf6+ gxf6 6. Bc4 Bf5 7. c3 e6 8.
Ne2 Bd6 9. Ng3 Bg6 10. Nh5 Rg8 11. Qf3 f5 12. Nf4 Qf6 13. Be3 Nd7 14. O-O-O Nb6
15. Bb3 O-O-O 16. c4 Bc7 17. g3 e5 18. Nxg6 hxg6 19. d5 e4 20. Qe2 cxd5 21.
cxd5 Be5 22. h4 Kb8 23. Kb1 Rc8 24. d6 Nd7 25. Qb5 Qd8 26. Bxf7 Rg7 27. Be6 Bf6
28. Rc1 Rxc1+ 29. Rxc1 a6 30. Qb3 1-0

[Event "Gausdal Troll Masters"]
[Site "Gausdal, Norway"]
[Date "2003.01.08"]
[Round "2"]
[White "Hörbing, Stefan"]
[Black "Stokke, Kjetil"]
[Result "0-1"]
[WhiteElo "2038"]
[BlackElo "2136"]
[PlyCount "52"]
[EventDate "2003.01.??"]
[Source "EeEk"]
[SourceDate "2003.01.08"]

1. e4 c5 2. Nf3 g6 3. d4 cxd4 4. Nxd4 Bg7 5. c4 Nc6 6. Be3 Nf6 7. Nc3 O-O 8.
Be2 d6 9. O-O Bd7 10. Qd2 Nxd4 11. Bxd4 Bc6 12. f3 a5 13. Rfd1 Nd7 14. Be3 Nc5
15. Rac1 a4 16. Qe1 Qa5 17. Bf1 a3 18. b3 Nxb3 19. axb3 a2 20. Nxa2 Qxa2 21. b4
Bb2 22. Rb1 Ra3 23. b5 Bd7 24. c5 Be6 25. cxd6 exd6 26. Rxd6 Rxe3 0-1

[Event "Gausdal Troll Masters"]
[Site "Gausdal, Norway"]
[Date "2003.01.08"]
[Round "2"]
[White "Karlsen, Terje"]
[Black "Nilsen, Terje"]
[Result "1/2-1/2"]
[WhiteElo "2135"]
[BlackElo "1714"]
[PlyCount "141"]
[EventDate "2003.01.??"]
[Source "EeEk"]
[SourceDate "2003.01.08"]

1. e4 c5 2. Nf3 e6 3. Nc3 a6 4. g3 Qc7 5. Bg2 Nc6 6. O-O Nf6 7. Re1 d6 8. d4
cxd4 9. Nxd4 Bd7 10. Nxc6 Bxc6 11. Nd5 Bxd5 12. exd5 e5 13. Be3 Be7 14. a4 O-O
15. a5 Nd7 16. Qd2 Rac8 17. c3 f5 18. f4 Bf6 19. Ra3 exf4 20. gxf4 Rfe8 21. Bf2
Kf7 22. Rb3 Rxe1+ 23. Qxe1 Re8 24. Qd1 g6 25. Rb4 Nc5 26. Rc4 Qd8 27. Bxc5 dxc5
28. d6 Bh4 29. Qd5+ Kf8 30. Qxc5 Qd7 31. Qd4 Qg7 32. Qxg7+ Kxg7 33. Rc7+ Kf8
34. Bd5 Rd8 35. Rf7+ Ke8 36. Rxh7 Rxd6 37. Bf7+ Kf8 38. Rxh4 Kxf7 39. Rh7+ Ke6
40. Rxb7 Rd1+ 41. Kf2 Rd2+ 42. Kg3 Kf6 43. Rb6+ Kg7 44. c4 Rd3+ 45. Kf2 Rd4 46.
Ke3 Rxc4 47. Rxa6 Re4+ 48. Kf3 Ra4 49. Ra8 Rb4 50. h4 Rb3+ 51. Ke2 Rxb2+ 52.
Ke3 Rb3+ 53. Kd4 Rb4+ 54. Ke3 Rb3+ 55. Kd4 Rb4+ 56. Kc5 Rxf4 57. Rb8 Ra4 58.
Kb5 Ra1 59. Rb7+ Kf6 60. Rb6+ Kg7 61. Rc6 Rb1+ 62. Ka6 f4 63. Rc4 f3 64. Rf4
Rb3 65. Ka7 Kh6 66. a6 g5 67. hxg5+ Kxg5 68. Rf8 Kg4 69. Ka8 Kg3 70. a7 f2 71.
Rxf2 1/2-1/2

[Event "Gausdal Troll Masters"]
[Site "Gausdal, Norway"]
[Date "2003.01.08"]
[Round "2"]
[White "Torgersen, Terje"]
[Black "Korhonen, Pasi"]
[Result "0-1"]
[WhiteElo "1790"]
[BlackElo "2115"]
[PlyCount "52"]
[EventDate "2003.01.??"]
[Source "EeEk"]
[SourceDate "2003.01.08"]

1. d4 Nf6 2. c4 c5 3. d5 b5 4. cxb5 a6 5. bxa6 Bxa6 6. g3 d6 7. Bg2 g6 8. f4
Bg7 9. Nf3 Nbd7 10. Nc3 O-O 11. h3 Qa5 12. O-O Rab8 13. Re1 Nb6 14. Nd2 c4 15.
e4 Nfd7 16. Qf3 Nc5 17. Bf1 Rfc8 18. e5 dxe5 19. fxe5 Ncd7 20. e6 fxe6 21. Rxe6
Rf8 22. Qe3 Nf6 23. Rxe7 Nfxd5 24. Rxg7+ Kxg7 25. Qe5+ Kg8 26. Nde4 Rxf1+ 0-1

[Event "Gausdal Troll Masters"]
[Site "Gausdal, Norway"]
[Date "2003.01.08"]
[Round "2"]
[White "Martinsen, Stig K"]
[Black "Lahlum, Ida"]
[Result "1-0"]
[WhiteElo "2085"]
[BlackElo "1438"]
[PlyCount "49"]
[EventDate "2003.01.??"]
[Source "EeEk"]
[SourceDate "2003.01.08"]

1. d4 d5 2. Nf3 e6 3. e3 Nf6 4. Bd3 Bd6 5. b3 Nbd7 6. Bb2 O-O 7. Nbd2 c5 8. Ne5
cxd4 9. exd4 Ne8 10. Qe2 Nxe5 11. dxe5 Bb4 12. O-O f6 13. exf6 Nxf6 14. Nf3 Bd6
15. Ne5 Bd7 16. f4 Rc8 17. Rf3 Bc5+ 18. Kh1 d4 19. Rh3 Qe8 20. Qf2 g6 21. Bxd4
Bxd4 22. Qxd4 Nd5 23. Nxg6 hxg6 24. Qh8+ Kf7 25. Rh7# 1-0

[Event "Gausdal Troll Masters"]
[Site "Gausdal, Norway"]
[Date "2003.01.08"]
[Round "2"]
[White "Lönngren, Tobias"]
[Black "Hammer, Jon Ludvig"]
[Result "1-0"]
[WhiteElo "2122"]
[BlackElo "1752"]
[PlyCount "119"]
[EventDate "2003.01.??"]
[Source "EeEk"]
[SourceDate "2003.01.08"]

1. d4 d5 2. c4 c6 3. Nf3 Nf6 4. e3 a6 5. Qc2 e6 6. Nbd2 Nbd7 7. Bd3 dxc4 8.
Nxc4 c5 9. O-O Nd5 10. a3 cxd4 11. exd4 b5 12. Nce5 Nxe5 13. dxe5 h6 14. Qe2
Bb7 15. Qe4 Qc7 16. Qg4 Rd8 17. Re1 h5 18. Qg3 Nc3 19. Bf1 Ne4 20. Qf4 f5 21.
Ng5 Nxg5 22. Qxg5 Qf7 23. Qe3 g6 24. Qb6 Rc8 25. b4 Qd7 26. Bg5 Be7 27. Rad1
Qc6 28. Qe3 Qc3 29. Qf4 Qc7 30. Rc1 Bxg5 31. Qxg5 Qg7 32. Rxc8+ Bxc8 33. Rc1
O-O 34. Qe3 Bb7 35. Qd4 Bd5 36. Rc5 Qb7 37. Qf4 Kg7 38. h4 Rf7 39. Qg5 Qe7 40.
Qf4 Qb7 41. Qg5 Qb8 42. Qf4 Rc7 43. Qg5 Rf7 44. f4 Qa7 45. Qd8 Rd7 46. Qf6+ Kh7
47. Kh2 Rc7 48. Qf8 Rxc5 49. bxc5 Qb7 50. Qd6 Kg7 51. Kg3 Kf7 52. Qd8 Qc6 53.
Qf6+ Ke8 54. Qxg6+ Kf8 55. Qh6+ Kg8 56. Qg5+ Kf8 57. Qd8+ Kg7 58. Qe7+ Kg6 59.
Be2 Bxg2 60. Bxh5+ {Time} 1-0